000 02648nam a2200265 i 4500
003 DO-SdBNP
005 20250620144824.0
007 ta
008 250620b1993 dr abc|| |||| 00| 0 spa d
040 _aDO-SdBNP
_bspa
_cBNPHU
_erda
041 _aspa
082 4 _axxx
_bF825h, 1993
_222
100 1 _aFranco, Franklin J.,
_d1936-
_eautor
_4aut.
_934417
245 1 0 _aHistoria del pueblo dominicano /
_cFranklin Franco Pichardo.
250 _aSegunda edición
264 1 _aSanto Domingo :
_bUniversitaria- UASD,
_c2006.
300 _axxxiv, 659 páginas :
_bilustraciones, mapas, retratos ;
_c26 cm.
336 _atexto
_btxt
_2rdacontent
337 _asin mediación
_bn
_2rdamedia
338 _avolumen
_bnc
_2rdacarrier
505 0 _aPrecedentes del encuentro --
_tDel proyecto de Colón a las capitulaciones de Santa Fe --
_tEl encuentro de dos mundos --
_tLa conquista de la isla española --
_tSe inicia desgracia de Colón --
_tGobierno del Virrey Diego Colón --
_tGobierno de los padres Jerónimos --
_tLos problemas religiosos, económicos y políticos de la esclavitud y la encomienda de los aborigenes --
_tRegresa al gobierno Diego Colón --
_tEsclavitud y azucar --
_tGobierno del Obispo Ramírez de Fuenleal --
_tLeyes nuevas desatan conflictos. Corsarios inician ataques --
_tEl decaimiento económico y social en el Siglo XVII --
_tNueva guerra entre España e Inglaterra desata el corso y la piratería a principios del Siglo XVIII --
_tLa situación económica, social y política de la colonia francesa --
_tLos conflictos derivados del Tratado de Basilea --
_tConsecuencias políticas, sociales y económicas derivadas de la unificación de la isla --
_tDel período de la España Boba --
_tPeríodo de integración con Haití --
_tDuarte y las luchas sociales y políticas por la independencia nacional --
_tLa situación económica y social: 1844-1850 --
_tLucha entre Pedro Santana y Buenaventura Báez. La anexión --
_tHacia la guerra de la restauración --
_tSe inicia la Segunda República --
_tLos gobiernos liberales del partido azul y la situacin económica y social -- Hacia la consolidación de la hegemonía norteamericana --
_tEl regimen dictatorial de Cáceres --
_tDe la monarquía a la intervencin militar norteamericana --
_tLa intervención militar americana --
_tGobierno de Horacio Vásquez --
_tLa era de Trujillo --
_tTrujillo y las empresas azucareras --
_tSe inicia la crisis de la dictadura --
_tLa invasión del 14 de junio y sus consecuencias --
_tGobierno del consejo de Estado --
_tEl gobierno del profesor Juan Bosch --
_tEl triunvirato.
651 4 _aRepública Dominicana
_xHistoria
_9170
910 _aBtavárez
942 _2ddc
_cLBS1
999 _c59353
_d59353